000 00341nam a22001337a 4500
008 170925b xxu||||| |||| 00| 0 eng d
020 _a9780072421026
041 _aeng
080 _a37
100 _a46
101 _aEDU
245 _aMULTICULTURAL EDUCATION AND THE INTERNET: INTERSECTIONS AND INTEGRATIONS
_cGORSKI,P.C
942 _2udc
_cBK
999 _c29697
_d29697